| 000 | 00535 a2200169 4500 | ||
|---|---|---|---|
| 003 | OSt | ||
| 005 | 20230912160340.0 | ||
| 008 | 230912b |||||||| |||| 00| 0 eng d | ||
| 020 | _a9781781943526 | ||
| 040 | _coclc | ||
| 082 |
_a794.122 _bSCH/Y |
||
| 100 | 1 |
_aSchuyler, James _c(Chess player) _99464 |
|
| 245 |
_aYour opponent is overrated : _ba practical guide to inducing errors / _cJames Schuyler |
||
| 260 |
_bEveryman Chess: _c2016. |
||
| 300 | _a220 p | ||
| 942 |
_2ddc _cBK _h794.122 _iSCH/Y _k794.122 _mSCH/Y |
||
| 999 |
_c42506 _d42506 |
||